• 首页
  • 本馆介绍
  • 公告通知
  • 最新文献
  • 馆藏检索
  • 电子资源
  • 读者荐购
  • 参考咨询
  • CALIS
  • 我的图书馆
  • 登录
  • 详细信息显示
  • 放入我的书架
  • 预约/预借图书
  • 作者相关作品
  • 分类相关作品
  • 丛书相关作品
  • 出版社相关作品

书目信息

  • 表格格式
  • 工作单格式
  • 卡片格式
题名:
GSD 09 PLATFORM
    
 
作者: Dean
分册:   哈佛大学
出版信息: Havard   Tank Form Ltd for Harvarde University Graduate School of Desigh  2009.05
页数: 349页
开本: 20cm
丛书名:
单 册:
中图分类: TU247.2
科图分类:
主题词: 民用建筑--建筑设计
电子资源:
ISBN: 9781934510162
 
 
 
 
 
000 00665nam0 2200229 45
001 1247515348
005 20120212183103.31
010    @a9781934510162@dCNY480.00
092    @aCN@bRCJZ
100    @a20111107d2009 ekmy0 y0120 ea
102    @aCN@b130000
105    @ay z 000yy
200 1  @aGSD 09 PLATFORM@i哈佛大学@fDean
210    @aHavard@cTank Form Ltd for Harvarde University Graduate School of Desigh@d2009.05
215    @a349页@d20cm
517 1  @a哈佛大学@Aha fo da xue
606 0  @a民用建筑@x建筑设计
690    @aTU247.2@v4
701  0 @aDean
801  0 @aCN@b安徽儒林@c20111107
905    @a10447@dTU247.2@eD3722
906    @cRCJZ@dCNY218.00@n2@r1
    
    GSD 09 PLATFORM.哈佛大学/Dean.-Havard:Tank Form Ltd for Harvarde University Graduate School of Desigh,2009.05
    349页;20cm
    
    
    ISBN 9781934510162:CNY480.00
    
●
相关链接 在E读中查询图书 在当当中查询图书 在豆瓣中查询图书


正题名:GSD 09 PLATFORM     索取号:TU247.2/D3722         预约/预借

序号 登录号 条形码 馆藏地/架位号 状态 备注
1 483519   204835198   建筑库101/101建筑库 107排3列4层/ [索取号:TU247.2/D3722] 在馆    
河南城建学院图书馆 欢迎您!
大连网信软件有限公司© 版权所有